Bảo vệ đất và chống xói mòn

Đã lưu trong:
書目詳細資料
主要作者: N Hudson
格式: 圖書
語言:Undetermined
出版: Hà Nội KHKT 1981
主題:
標簽: 添加標簽
沒有標簽, 成為第一個標記此記錄!
Thư viện lưu trữ: Trung tâm Học liệu Trường Đại học Cần Thơ
LEADER 00547nam a2200181Ia 4500
001 CTU_12413
008 210402s9999 xx 000 0 und d
082 |a 631.4 
082 |b H886 
100 |a N Hudson 
245 0 |a Bảo vệ đất và chống xói mòn 
245 0 |c N Hudson; Dịch giả: Đào Trọng Năng, Nguyễn Kim Dung 
260 |a Hà Nội 
260 |b KHKT 
260 |c 1981 
650 |a soil conservation,soil science 
904 |i Minh, 961113 
980 |a Trung tâm Học liệu Trường Đại học Cần Thơ